000
00288nam a2200133Ia 4500
100
_a
Horowitz/P
942
_c
BK
654
_a
electronics
245
_a
Art of Electronics
260
_b
Cambridge University Press
_a
Cambridge
_c
1994
300
_a
1124
546
_a
ENGLISH
999
_c
20226
_d
20226